000 00287nam a2200121Ia 4500
008 190216s9999||||xx |||||||||||||| ||und||
100 _aDr.Sivaraj Singh
245 0 _aHindi-Indonasia Ka Mangolik Swaroop
260 _bNavraj Prakashan
300 _a148
650 _aHindi
942 _cBK
999 _c16183
_d16183